<?xml version="1.0" encoding="UTF-8"?>
<record
    xmlns:xsi="http://www.w3.org/2001/XMLSchema-instance"
    xsi:schemaLocation="http://www.loc.gov/MARC21/slim http://www.loc.gov/standards/marcxml/schema/MARC21slim.xsd"
    xmlns="http://www.loc.gov/MARC21/slim">

  <leader>03295nam a22002897a 4500</leader>
  <controlfield tag="003">DO-CoUTE</controlfield>
  <controlfield tag="005">20260511142752.0</controlfield>
  <controlfield tag="008">260511b        dr ||||| |||| 00| 0 spa d</controlfield>
  <datafield tag="040" ind1=" " ind2=" ">
    <subfield code="a">DO-CoUTE</subfield>
    <subfield code="b">spa</subfield>
    <subfield code="c">DO-CoUTE</subfield>
  </datafield>
  <datafield tag="041" ind1=" " ind2=" ">
    <subfield code="a">spa</subfield>
  </datafield>
  <datafield tag="092" ind1=" " ind2=" ">
    <subfield code="a">GEO 2026 A17 </subfield>
  </datafield>
  <datafield tag="100" ind1="1" ind2=" ">
    <subfield code="a">Abreu Henr&#xED;quez, Gianibel </subfield>
    <subfield code="e">Sustentante </subfield>
  </datafield>
  <datafield tag="245" ind1="1" ind2="0">
    <subfield code="a">Caracterizaci&#xF3;n Hidrogeol&#xF3;gica En Los Acu&#xED;feros De La Regi&#xF3;n De Cotu&#xED; Y Su Relaci&#xF3;n Con La Cuenca De La Presa De Hatillo. / </subfield>
    <subfield code="c">Gianibel Abreu Henr&#xED;quez, Rowen Rafael Reyes P&#xE9;rez, Erica Fransheyra De La Cruz, Eduard Ynmanol Mart&#xED;nez V&#xE1;squez ; Asesor,  Pedro Jos&#xE9; Luis Aquino</subfield>
  </datafield>
  <datafield tag="260" ind1=" " ind2=" ">
    <subfield code="a">Cotu&#xED;, Rep&#xFA;blica Dominicana ; </subfield>
    <subfield code="b">UTECO, </subfield>
    <subfield code="c">2026</subfield>
  </datafield>
  <datafield tag="300" ind1=" " ind2=" ">
    <subfield code="a">65 Hojas : </subfield>
    <subfield code="b">Im&#xE1;genes ; </subfield>
    <subfield code="c">23cm,</subfield>
    <subfield code="e">+ 1 CD-ROM </subfield>
  </datafield>
  <datafield tag="502" ind1=" " ind2=" ">
    <subfield code="a">Trabajo de Grado (Ingeniero Civil) Universidad Tecnol&#xF3;gica del Cibao Oriental, 2026.
</subfield>
  </datafield>
  <datafield tag="504" ind1=" " ind2=" ">
    <subfield code="a">Incluye referencia bibliogr&#xE1;fica e &#xED;ndice.
</subfield>
  </datafield>
  <datafield tag="520" ind1=" " ind2=" ">
    <subfield code="a">La presente propuesta tuvo como objetivo principal desarrollar un plan de gesti&#xF3;n integral
y sostenible para los acu&#xED;feros de la regi&#xF3;n de Cotu&#xED;, que contribuya a disminuir su
vulnerabilidad ante riesgos ambientales, especialmente los derivados de actividades
extractivas, expansi&#xF3;n urbana y falta de monitoreo. La propuesta responde a los resultados
del diagn&#xF3;stico realizado previamente y a la necesidad urgente de implementar medidas
de protecci&#xF3;n y uso racional de los recursos h&#xED;dricos subterr&#xE1;neos en la zona. El enfoque
adoptado combina la investigaci&#xF3;n hidrogeol&#xF3;gica, la educaci&#xF3;n ambiental, la
participaci&#xF3;n comunitaria y el fortalecimiento institucional. Se plantea implementar una
red de monitoreo de los acu&#xED;feros, promover acciones de conservaci&#xF3;n en las zonas de
recarga y fomentar la corresponsabilidad de todos los actores involucrados, incluyendo la
empresa minera, las autoridades locales y la poblaci&#xF3;n. Despu&#xE9;s de una investigaci&#xF3;n
exhaustiva sobre evaluar las caracter&#xED;sticas hidrol&#xF3;gicas en los acu&#xED;feros en la regi&#xF3;n de
Cotu&#xED; y determinar su relaci&#xF3;n hidrogeol&#xF3;gica con el embalse de la Presa de Hatillo, con
el prop&#xF3;sito de generar informaci&#xF3;n t&#xE9;cnica que contribuya a la planificaci&#xF3;n h&#xED;drica
sostenible&#x201D;, se lleg&#xF3; a las siguientes conclusiones. Se discutieron las propiedades f&#xED;sicas e
hidr&#xE1;ulicas de los acu&#xED;feros primarios en Cotu&#xED; bas&#xE1;ndose en cambios en la captaci&#xF3;n de
agua, puntos de posici&#xF3;n y capacidad de almacenamiento. 

Se evaluaron las condiciones de recarga y descarga de los acu&#xED;feros, su infiltraci&#xF3;n
efectiva, flujos subterr&#xE1;neos y &#xE1;reas de conexi&#xF3;n potencial con el embalse de Hatillo. Se
evaluaron los efectos hidrodin&#xE1;micos que el embalse de Hatillo tiene sobre los acu&#xED;feros
circundantes a trav&#xE9;s de an&#xE1;lisis piezom&#xE9;tricos, estudios comparativos y la generaci&#xF3;n de
un modelo hidrogeol&#xF3;gico conceptual.</subfield>
  </datafield>
  <datafield tag="650" ind1=" " ind2="4">
    <subfield code="a">Hidrogeol&#xF3;gica en los acu&#xED;feros </subfield>
  </datafield>
  <datafield tag="700" ind1="1" ind2=" ">
    <subfield code="a">Gianibel Abreu Henr&#xED;quez</subfield>
    <subfield code="e">Sustentante </subfield>
  </datafield>
  <datafield tag="700" ind1="1" ind2=" ">
    <subfield code="a">Rowen Rafael Reyes P&#xE9;rez</subfield>
    <subfield code="e">Sustentante </subfield>
  </datafield>
  <datafield tag="700" ind1="1" ind2=" ">
    <subfield code="a">Erica Fransheyra De La Cruz</subfield>
    <subfield code="e">Sustentante </subfield>
  </datafield>
  <datafield tag="700" ind1="1" ind2=" ">
    <subfield code="a">Pedro Jos&#xE9; Luis Aquino</subfield>
    <subfield code="e">Asesor </subfield>
  </datafield>
  <datafield tag="830" ind1=" " ind2=" ">
    <subfield code="a">Tesis y disertaciones acad&#xE9;micas (Universidad Tecnol&#xF3;gica del Cibao Oriental)</subfield>
  </datafield>
  <datafield tag="856" ind1=" " ind2=" ">
    <subfield code="y">Haga Click Aqu&#xED; para Descargar en Texto Completo</subfield>
  </datafield>
  <datafield tag="942" ind1=" " ind2=" ">
    <subfield code="2">ddc</subfield>
    <subfield code="c">TH</subfield>
  </datafield>
  <datafield tag="999" ind1=" " ind2=" ">
    <subfield code="c">24181</subfield>
    <subfield code="d">24181</subfield>
  </datafield>
  <datafield tag="952" ind1=" " ind2=" ">
    <subfield code="0">0</subfield>
    <subfield code="1">0</subfield>
    <subfield code="2">ddc</subfield>
    <subfield code="4">0</subfield>
    <subfield code="7">0</subfield>
    <subfield code="8">eT</subfield>
    <subfield code="a">BU</subfield>
    <subfield code="b">BU</subfield>
    <subfield code="c">GEN</subfield>
    <subfield code="d">2026-05-11</subfield>
    <subfield code="i">24181</subfield>
    <subfield code="l">0</subfield>
    <subfield code="o">GEO 2026 A17 </subfield>
    <subfield code="p">24181</subfield>
    <subfield code="r">2026-05-11 13:11:52</subfield>
    <subfield code="t">Ej.1</subfield>
    <subfield code="w">2026-05-11</subfield>
    <subfield code="y">TH</subfield>
  </datafield>
</record>
